00946nam a2200229 a 450000100100000000500170001000800410002702000150006804000250008308200160010810000240012424000410014824500830018926000400027230000350031250400360034759000750038370000450045804900090050395201870051299900170069900003475820200930073902.0111019s1981 sp 001 0 spa d a8420670197 aDO-SdBNPbspacBNPHU axxxxbS129n1 aSager, Peter96023910aNever formen des realismuslAlemán10aNuevas formas de realismo /cPeter Sager ; traductor Rosa Pilar Blanco Santos. aMadrid, :bAlinza Editorial,c1981. a264 p. :bil., retr. ;c23 cm. aBibliografía : p. [247] - 249 aPerteneció a la biblioteca personal de Juan Isidro Jimenes Grullón12aBlanco Santos, Rosa Pilar,etrad.960240 aBNGR 001050718MOaGRbGRcCTd2011-10-19iLF1l0oxxxx S129np34758-10r2020-06-25w2020-06-25y1zPerteneció a la biblioteca personal de Juan Isidro Jimenes GrullónZNo se presta c34249d34249